02681cam a22003854i 4500003000900000005001700009008004100026020001500067035002700082040003300109082002000142100003600162245005200198264007100250300006200321336002100383337002500404338002300429504002800452505165700480526001002137526001002147526001002157526001002167526000802177526000802185526000802193526000802201526000802209526000802217526000802225541001202233600001502245630003502260PE-LiUPU20250731173321.0150625s r 000 0 d a080284880X a(Sirsi) i9780802848802 aPE-LiUPUbspacPE-LiUPUerda04a225.9bCh232211 aCharlesworth, James H.,eautor.10aJesus and archaeology /cJames H. Charlesworth. 1aGrand Rapids, MI :bWilliam B. Eerdmans Publishing Company,c2006. a740 páginas :bilustraciones, fotos ;c23 centímetros atext2rdacontent aunmediated2rdamedia avolume2rdacarrier aIncluye bibliografía.0 aStudies in archaeology. -Jesus research and archaeology: a new perspective. -Archaeology and the historical Jesus. -Recovering Jesus' Mamzerut. -Did Antipas build the sepphoris theater?. -Khirbet qana (and Other Villages) as a context for Jesus. -Bethsaida. -Mount Tabor. -Jesus the exorcist in light of epigraphic sources. -Reflections on Jesus' eschatology in light of Qumran. -Did Jesus attend the synagogue?. -Synagogues and spirituality: the case of beth alfa. -The theodotos synagogue inscription and the problem of first-century synagogue buildings. -Jesus and the theater in Jerusalem. -Jesus and the Herodian temple mount. -Mount Zion, Jesus, and archaeology. -Excavating Caiaphas, Pilate, and Simon of Cyrene: Assessing the literary and archaeological evidence. -"Stone house," Birah, and Antonia during the time of Jesus. -Miracles, Maleficium, and Maiestas in the trial Jesus. -Ramat hanadiv and Ein Gedi: Property versis poverty in Judea before 70. -Between Jerusalem and the Galilee: Samaria in the time of Jesus. -The Sanctuaries of the baptism on the east bank of the Jordan river. -The cemeteries of Qumram and celibacy: confusion laid to rest?. -Essene community houses and Jesus' early community. -Judas and Jesus: A message on a Drinking Vessel of the second temple period. -Archaeology and theology. -Archaeology and John's -gospel. -Aspects of historicity in the gospel of John: implications for investigations of Jesus and Archaeology. -Bultmann, Archaeology, and the historical Jesus. -Jesus and resurrection faith in light of Jewish tests. -Archaeology and early christology. -The christian apocrypha and Archaeology. aSEG42 aSEG41 aSEG40 aSEG39 aP94 aP87 aP86 aP85 aP77 aP76 aP35 g438621;1 aJesucristo aBiblia.pN.T.xAntigüedades.